000 00608cam a22002174a 4500
005 20250605164129.0
008 250528s ||||||||||||||||||||||||d
035 _a18573
020 _a2880464501
040 _aGR-AtMCL
_bgre
_dGR-AtMCL
_eAACR2
245 1 _aMagazine Design
260 _c1999
300 _a162
505 0 _aPackaging, Format, Navigation, Structure, Images, Systems, Webzines.
520 _aPackaging, Format, Navigation, Structure, Images, Systems, Webzines.
700 1 _aFoges Chris
_94832
700 1 _aRotovision
_94833
942 _cBK
999 _c3922
_d3922